Statistiken für Asien

Klicken Sie hier um das Quiz zu spielen!

Allgemein

  • Dieses Quiz wurde 289 mal gespielt
  • Das Durchschnittsergebnis liegt bei 8 aus 16

Antwortstatistiken

HintAntwort% Korrekt
Land mit der größten FlächeRussland
97%
Land mit der höchsten EinwohnerzahlChina
97%
Größter InselstaatIndonesien
90%
Höchster BergMount Everest
80%
Land mit der höchsten BevölkerungsdichteSingapur
71%
Land mit der niegrigsten BevölkerungsdichteMongolei
63%
Tiefster SeeBaikalsee
52%
Längste BahnstreckeTranssibirische Eisenbahn
44%
Längster FlussJangtsekiang
36%
Größtes OpiumproduktionslandAfghanistan
34%
Land mit der kleinsten FlächeMalediven
31%
Größter SeeKaspisches Meer
27%
Größte InselNeuguinea
21%
Größter WasserfallMekongfälle
18%
Größtes zusammenhängendes Reich der WeltgeschichteMongolisches Reich
17%
Häufigster NachnameWang
15%

Verteilung der Resultate

Perzentil nach korrekt beantworteten Fragen

Anzahl Personen mit jedem Resultat

Ihre Resultats-Entwicklung

Sie haben dieses Quiz noch nicht gespielt